Energy, information, feedback, and self-organization: the fundamental elements of life and society (Record no. 576767)

000 -LEADER
fixed length control field 00451nam a22001337a 4500
020 ## - INTERNATIONAL STANDARD BOOK NUMBER
International Standard Book Number 9783319669984
082 ## - DEWEY DECIMAL CLASSIFICATION NUMBER
Classification number 629.8 TZA
100 ## - MAIN ENTRY--PERSONAL NAME
Personal name Tzafestas, Spyros G.
9 (RLIN) 69525
245 ## - TITLE STATEMENT
Title Energy, information, feedback, and self-organization: the fundamental elements of life and society
260 ## - PUBLICATION, DISTRIBUTION, ETC.
Place of publication, distribution, etc. Switzerland
Name of publisher, distributor, etc. Springer
Date of publication, distribution, etc. 2018
300 ## - PHYSICAL DESCRIPTION
Extent xxi,668 P
650 ## - SUBJECT ADDED ENTRY--TOPICAL TERM
Topical term or geographic name entry element Intelligent System, Control and Automation:Science and Engineering
9 (RLIN) 69526
942 ## - ADDED ENTRY ELEMENTS (KOHA)
Koha item type Book
Holdings
Withdrawn status Lost status Damaged status Not for loan Permanent Location Current Location Shelving location Date acquired Total Checkouts Full call number Barcode Date last seen Price effective from Koha item type
        College of Electrical & Mechanical Engineering (CEME) College of Electrical & Mechanical Engineering (CEME) General Stacks 08/05/2019   629.8 TZA (RES COP) CEME-49583 06/28/2021 06/28/2021 Book
        College of Electrical & Mechanical Engineering (CEME) College of Electrical & Mechanical Engineering (CEME) General Stacks 10/15/2019   629.8 TZA SCB-49583 06/28/2021 06/28/2021 Book
© 2023 Central Library, National University of Sciences and Technology. All Rights Reserved.